00780nam a2200241Ia 4500003000900000008004100009020001800050040001600068080001700084100002600101245007800127260004900205300001400254490003200268650004100300650001400341650001900355700002200374700002700396942000700423999001500430952009300445IN-BaIIA211028s9999 xx 000 0 eng d a0-8053-2512-3 cIIA Library a524.834bFIE aField, George B98390 4aThe Redshift controversycGeroge B. Field, Halton Arp and John N. Bahcall aReading, MassachusettsbW. A. Benjaminc1973 axv, 324p. aFrontiers in physics Series aAstronomy and astrophysics thesaurus aCosmology aRedshift98391 aArp, Halton98392 aBahcall, John N.98393 cBK c4727d4727 00104070aBANbBANcGENd1975-05-08l0o524.834/ FIEp5282r2021-11-05w1975-05-08yBK